000 00522nam a2200193Ii 4500
003 JO-AjNU
005 20251028125202.0
008 230605s9999||||xx |||||||||||||| ||und||
017 _a2014/2/644
020 _a978-9957-16-866-7
040 _aJO-AjNU
_bara
_erda
_cJO-AjNU
041 _aara
050 1 4 _aKMM272.K43.2015
245 0 0 _aمخرج بموجب مستند اخراج رقم 67
336 _atext
_btxt
_2rdacontent
337 _aunmediated
_bn
_2rdamedia
338 _avolume
_bnc
_2rdacarrier
942 _2lcc
_cBK
999 _c25951
_d25951